000 004270000a22001690004500
003 LK-CoMWRAF
005 20231103132551.0
008 230817t ||||| |||| 00| 0 eng d
020 _a817947058X
040 _aLK-CoMWRAF
_dLK-CoMWRAF
_eLK-CoMWRAF
041 _aeng
082 _a823
_bCAT
245 _aThe Cat who went to mecca
260 _aNew Delhi (India) :
_bKutub kids,
_c2004
650 _aShort stories
942 _cBK
999 _c1487
_d1487